Social work and law : housing repairs and improvements

Bibliographic Details
Main Author: Hadden, Tom
Format: Book
Published: London : Sweet and maxwell , 1979
Subjects:

MARC

LEADER 00000cam a2200000 7i4500
001 0000008011
005 20161103.0
020 |a 0421238100 
040 |a INS 
090 0 0 |a TH4817   |b H32 1979 
100 1 |a Hadden, Tom 
245 0 0 |a Social work and law :   |b housing repairs and improvements   |c Tom Hadden 
260 |a London :   |b Sweet and maxwell ,   |c 1979 
300 |a 219p. ;   |c 22 cm. 
650 0 0 |a Housing   |x Law and legislation 
999 |a 0000024157   |b BOOK   |c Open Shelf   |e Default branch